[Event "Ognjanovo Strugov Memorial 7th"]
[Site "Ognjanovo"]
[Date "2016.04.16"]
[Round "3"]
[White "Andreev, Dobrotich"]
[Black "Pingov, Krasen"]
[Result "1/2-1/2"]
[WhiteElo "1888"]
[BlackElo "1868"]
[PlyCount "38"]
[EventDate "2016.04.16"]
[EventType "swiss"]
[EventRounds "7"]
[EventCountry "BUL"]
[SourceTitle "CBM 171 Extra"]
[Source "ChessBase"]
[SourceDate "2016.04.26"]
[SourceVersion "1"]
[SourceVersionDate "2016.04.26"]
[SourceQuality "1"]

1. e4 e6 2. d4 d5 3. Nd2 c5 4. exd5 exd5 5. Bb5+ Bd7 6. Qe2+ Qe7 7. Bxd7+ Nxd7 8. dxc5 Nxc5 9. Nb3 Qxe2+ 10. Nxe2 Nxb3 11. axb3 Nf6 12. Be3 a6 13. 0-0-0 0-0-0 14. h3 Bd6 15. Nc3 Be5 16. Bd4 Bxd4 17. Rxd4 Rd6 18. Rhd1 Rhd8 19. f3 Kc7 1/2-1/2

[Event "Sunny Beach op-C 13th"]
[Site "Sunny Beach"]
[Date "2014.09.09"]
[Round "4"]
[White "Dincer, Ozgur Deniz"]
[Black "Pingov, Krasen"]
[Result "0-1"]
[WhiteElo "1476"]
[BlackElo "1905"]
[PlyCount "116"]
[EventDate "2014.09.06"]
[EventType "swiss"]
[EventRounds "9"]
[EventCountry "BUL"]
[SourceTitle "CBM 162 Extra"]
[Source "ChessBase"]
[SourceDate "2014.10.17"]
[SourceVersion "1"]
[SourceVersionDate "2014.10.17"]
[SourceQuality "1"]

1. d4 d5 2. c4 e6 3. Nc3 Nf6 4. Nf3 Be7 5. e3 0-0 6. Bd3 dxc4 7. Bxc4 c5 8. 0-0 Nc6 9. Ne5 Nxe5 10. dxe5 Nd7 11. f4 a6 12. a4 Qc7 13. Qh5 Rd8 14. Rd1 b6 15. b3 Bb7 16. Bb2 Nf8 17. Bd3 Rd7 18. Qe2 Ng6 19. g3 Bf8 20. Rac1 Ne7 21. Be4 Rad8 22. Rxd7 Rxd7 23. Bxb7 Qxb7 24. Rd1 Rxd1+ 25. Qxd1 Nd5 26. Qd2 Nxc3 27. Qxc3 Qd5 28. Qc2 b5 29. axb5 axb5 30. e4 Qc6 31. b4 c4 32. Bc3 Qb6+ 33. Kf1 Qe3 34. Kg2 g6 35. Kh3 h5 36. Kg2 h4 37. Kh3 hxg3 38. hxg3 Qf3 39. Kh2 Kg7 40. Kh3 Be7 41. Kh2 Bd8 42. Bd4 Qb3 43. Qxb3 cxb3 44. Kg2 Be7 45. Bc3 Bxb4 46. Bb2 Bd2 47. Kf3 b4 48. Ke2 Bc3 49. Bxc3 bxc3 50. Kd3 b2 51. Kc2 Kf8 52. g4 Ke7 53. g5 Kd7 54. Kb1 Kc6 55. f5 exf5 56. exf5 Kd7 57. e6+ fxe6 58. fxg6 Ke7 0-1

[Event "Blagoevgrad op"]
[Site "Blagoevgrad"]
[Date "2013.10.03"]
[Round "8"]
[White "Vasileva, Cveta"]
[Black "Pingov, Krasen"]
[Result "0-1"]
[WhiteElo "1564"]
[BlackElo "1898"]
[PlyCount "74"]
[EventDate "2013.09.28"]
[EventType "swiss"]
[EventRounds "9"]
[EventCountry "BUL"]
[SourceTitle "CBM 156 Extra"]
[Source "ChessBase"]
[SourceDate "2013.10.22"]
[SourceVersion "1"]
[SourceVersionDate "2013.10.22"]
[SourceQuality "1"]

1. d4 d5 2. c4 c6 3. Nc3 Nf6 4. Nf3 e6 5. Bg5 dxc4 6. a4 c5 7. e3 cxd4 8. Nxd4 Qc7 9. Bxf6 gxf6 10. Qc2 a6 11. Ne4 Bb4+ 12. Nc3 Nc6 13. Nxc6 Qxc6 14. f3 e5 15. Be2 Qc5 16. Qc1 Bf5 17. 0-0 Rd8 18. Kh1 Bxc3 19. Qxc3 Bd3 20. Rfe1 Bxe2 21. Rxe2 Rd3 22. Qe1 Ke7 23. Rd1 Rhd8 24. Rc1 Qd6 25. Qh4 Rd1+ 26. Rxd1 Qxd1+ 27. Qe1 Qxa4 28. Qf2 Rd1+ 29. Re1 Qa1 30. Rxd1 Qxd1+ 31. Qg1 Qxg1+ 32. Kxg1 c3 33. bxc3 a5 34. Kf2 a4 35. Ke1 a3 36. Kd2 a2 37. g3 a1Q 0-1

[Event "Blagoevgrad op"]
[Site "Blagoevgrad"]
[Date "2013.10.01"]
[Round "6"]
[White "Kiryakov, Atanas"]
[Black "Pingov, Krasen"]
[Result "1-0"]
[WhiteElo "1935"]
[BlackElo "1898"]
[PlyCount "103"]
[EventDate "2013.09.28"]
[EventType "swiss"]
[EventRounds "9"]
[EventCountry "BUL"]
[SourceTitle "CBM 156 Extra"]
[Source "ChessBase"]
[SourceDate "2013.10.22"]
[SourceVersion "1"]
[SourceVersionDate "2013.10.22"]
[SourceQuality "1"]

1. d4 d5 2. Nf3 Nf6 3. g3 c6 4. Bg2 Bf5 5. 0-0 e6 6. Nbd2 Nbd7 7. c4 Be7 8. Nh4 Bg6 9. Nxg6 hxg6 10. b3 Ng4 11. h3 Nh6 12. e4 dxe4 13. Nxe4 Nf6 14. Ng5 Kf8 15. Re1 Ne8 16. Nf3 Nf5 17. Bb2 Bf6 18. Ne5 Nc7 19. Qg4 Kg8 20. Rad1 a5 21. a4 Bxe5 22. dxe5 Qe7 23. Rd3 Kh7 24. Bc3 Rhd8 25. Red1 Rxd3 26. Rxd3 Rd8 27. Rxd8 Qxd8 28. Bxa5 Qd7 29. h4 Na6 30. b4 Qd2 31. Qf3 Qe1+ 32. Kh2 Qxe5 33. b5 Nb8 34. Bc3 Qd6 35. h5 g5 36. Kg1 f6 37. a5 Kg8 38. a6 bxa6 39. bxa6 Nxa6 40. Qxc6 Qxc6 41. Bxc6 Kf7 42. Bb5 Nc7 43. Bc6 e5 44. Be4 Nd4 45. Ba5 Nce6 46. Bb4 Ke8 47. Kf1 Kd7 48. Kg2 f5 49. Bd5 Nc7 50. Bb7 g4 51. Bf8 Nde6 52. Bb4 1-0